Bombay, New Bombay and Metropolitan Region: (Record no. 184478)

MARC details
000 -LEADER
fixed length control field 00465nam a2200157 4500
041 ## - LANGUAGE CODE
Language code of text/sound track or separate title eng
082 ## - DEWEY DECIMAL CLASSIFICATION NUMBER
Classification number 309.250954792
Item number VER
100 ## - MAIN ENTRY--AUTHOR NAME
Personal name Verma, H.S.
245 ## - TITLE STATEMENT
Title Bombay, New Bombay and Metropolitan Region:
Remainder of title Growth Process and Planning Lessons /
Statement of responsibility, etc by H.S. Verma
260 ## - PUBLICATION, DISTRIBUTION, ETC. (IMPRINT)
Place of publication New Delhi,
Name of publisher Concept Publishing Company,
Year of publication 1985.
300 ## - PHYSICAL DESCRIPTION
Number of Pages xii, 171p.,
Dimensions 23cm
500 ## - GENERAL NOTE
General note Includes Glossary
650 ## - SUBJECT ADDED ENTRY--TOPICAL TERM
Topical Term Town Planning
942 ## - ADDED ENTRY ELEMENTS (KOHA)
Koha item type Books
Holdings
Withdrawn status Lost status Damaged status Collection code Home library Current library Shelving location Date acquired Full call number Accession Number Koha item type
      ICSSR North Eastern Hill University North Eastern Hill University General Stacks 12/08/1986 309.250954792 VER IC842 Books